000 00271nam a22001097a 4500
008 170110b xxu||||| |||| 00| 0 eng d
020 _a9780801672453
041 _aeng
080 _a618.2
245 _aRADIOGRAPHIC ASSESSMENT FOR NURSES
_cDETTENMEIER, P.A
942 _2udc
_cBK
999 _c2669
_d2669